Propuesta de herramientas administrativas para el fortalecimiento de la estructura organizativa de la microempresa Cerámica del Artista

El trabajo a desarrollar presentará herramientas como, un Diagnóstico organizacional, que determinará el estado actual de la microempresa y su funcionamiento, también un Manual de Organización y Funciones, que ayudará en la estructura organizativa de la microempresa, siendo un soporte document...

Full description

Bibliographic Details
Main Authors: Antuche Montoya, Leslie Jazmín, Romero González, Edith Guadalupe, Sánchez Alemán, Marlon Josué
Other Authors: Tutor: Montoya Baquedano, María José
Format: Tesis Section = Libro
Language:Undetermined
Spanish
Published: Managua UNI 2022
Subjects:
LEADER 02195nam a2200289Ia 4500
008 240830s9999 xx 000 0 und d
040 |a BIBLIOTECA-RUPAP/ Mon 658.402 A636 
041 |a spa 
082 |a Mon 658.402 A636 
100 1 |a Antuche Montoya, Leslie Jazmín 
100 1 |b Romero González, Edith Guadalupe 
100 1 |c Sánchez Alemán, Marlon Josué 
245 1 0 |a Propuesta de herramientas administrativas para el fortalecimiento de la estructura organizativa de la microempresa Cerámica del Artista 
260 |a Managua  |b UNI  |c 2022 
300 |a 55 p. :il. 
500 |a Contiene: anexos y CD. 
502 |a Tesis (Ingeniero de Sistemas) - UNI, 2022. 
520 3 |a El trabajo a desarrollar presentará herramientas como, un Diagnóstico organizacional, que determinará el estado actual de la microempresa y su funcionamiento, también un Manual de Organización y Funciones, que ayudará en la estructura organizativa de la microempresa, siendo un soporte documental de las funciones que realizan los colaboradores. A su vez un sistema de evaluación al desempeño, el cual servirá como referencia para el análisis del rendimiento y productividad del capital humano que labora en la microempresa. Dichas herramientas darán a “Cerámica del Artista” una ayuda a nivel interno de su administración en el ordenamiento de su estructura organizacional apoyada por el Manual de Organización y Funciones, también fortalecimiento en el proceso de evaluación del desempeño de sus colaboradores, lo cual significa una clave para mejorar la productividad de la microempresa, ya que se pretende dotarla de componentes técnicos para ser usados por la dirección general en el control de su personal. Esto también ayudará a los colaboradores a incentivar la calidad del trabajo que realizan, teniendo claras sus funciones y el desempeño que han presentado. 
650 7 |a MANUALES ADMINISTRATIVOS 
650 7 |b  EVALUACION DEL DESEMPEÑO 
650 7 |c  ORGANIZACIÓN 
650 7 |d  FUNCIONES 
650 7 |e  ADMINISTRACION DE EMPRESAS 
700 1 |a Tutor:  |b Montoya Baquedano, María José 
942 |c BK  |2 ddc 
991 |a Tesis 
999 |c 19164